[Event "Campeonato de España Veteranos 2017"]
[Site "Altea"]
[Date "2017.10.15"]
[Round "9"]
[White "Garcia Fernandez, Carlos"]
[Black "Gonzalez Custodio, Rafael"]
[Result "1-0"]
[Board "6"]
[WhiteTitle "IM"]
[WhiteElo "2264"]
[WhiteCountry "ESP"]
[WhiteFideId "2200660"]
[WhiteEloChange "6"]
[BlackElo "2105"]
[BlackCountry "ESP"]
[BlackFideId "2205653"]
[BlackEloChange "-6"]

1. e4 {[%clk 1:23:23]} e6 {[%clk 1:30:46]} 2. d4 {[%clk 1:22:42]} d5 {[%clk
1:31:08]} 3. e5 {[%clk 1:22:59]} c5 {[%clk 1:31:26]} 4. c3 {[%clk 1:23:22]} Nc6
{[%clk 1:31:46]} 5. Nf3 {[%clk 1:23:47]} Qb6 {[%clk 1:32:01]} 6. a3 {[%clk
1:24:12]} c4 {[%clk 1:32:00]} 7. Nbd2 {[%clk 1:24:21]} Na5 {[%clk 1:32:21]} 8. g3
{[%clk 1:24:39]} Bd7 {[%clk 1:32:35]} 9. Bh3 {[%clk 1:24:38]} O-O-O {[%clk
1:32:24]} 10. O-O {[%clk 1:24:50]} f5 {[%clk 1:31:29]} 11. exf6 {[%clk 1:24:54]}
gxf6 {[%clk 1:31:29]} 12. Re1 {[%clk 1:23:49]} Nh6 {[%clk 1:29:18]} 13. Rb1
{[%clk 1:22:16]} e5 {[%clk 1:27:38]} 14. Bxd7+ {[%clk 1:21:33]} Rxd7 {[%clk
1:25:51]} 15. dxe5 {[%clk 1:20:42]} Ng4 {[%clk 1:20:54]} 16. Nd4 {[%clk 1:15:23]}
Nxe5 {[%clk 1:20:11]} 17. N2f3 {[%clk 1:15:25]} Bc5 {[%clk 1:04:08]} 18. Nxe5
{[%clk 1:12:49]} fxe5 {[%clk 1:04:28]} 19. Rxe5 {[%clk 1:13:15]} Nc6 {[%clk
1:04:08]} 20. Re6 {[%clk 1:13:31]} h5 {[%clk 1:01:05]} 21. h4 {[%clk 1:09:03]}
Rf7 {[%clk 0:59:53]} 22. Be3 {[%clk 1:08:18]} Qc7 {[%clk 0:55:30]} 23. Rxc6
{[%clk 1:05:53]} bxc6 {[%clk 0:53:26]} 24. Ne6 {[%clk 1:06:13]} Bxe3 {[%clk
0:53:45]} 25. Nxc7 {[%clk 1:06:24]} Rxf2 {[%clk 0:53:42]} 26. Kh1 {[%clk
1:04:11]} Kxc7 {[%clk 0:53:51]} 27. Qe1 {[%clk 1:02:21]} Rf3 {[%clk 0:52:52]} 28.
b3 {[%clk 1:00:39]} Rg8 {[%clk 0:48:33]} 29. Kg2 {[%clk 1:00:27]} Rgf8 {[%clk
0:48:31]} 30. bxc4 {[%clk 0:59:57]} dxc4 {[%clk 0:47:22]} 31. Rb2 {[%clk
0:58:46]} R8f7 {[%clk 0:41:39]} 32. Qe2 {[%clk 0:57:26]} Rf2+ {[%clk 0:40:38]}
33. Qxf2 {[%clk 0:57:39]} Bxf2 {[%clk 0:41:00]} 34. Rxf2 {[%clk 0:57:51]} Rd7
{[%clk 0:41:27]} 35. Rf4 {[%clk 0:56:53]} Rd2+ {[%clk 0:41:43]} 36. Kh3 {[%clk
0:57:14]} Ra2 {[%clk 0:42:05]} 37. Rxc4 {[%clk 0:57:31]} Rxa3 {[%clk 0:42:28]}
38. Rc5 {[%clk 0:57:47]} Kd6 {[%clk 0:42:45]} 39. Rxh5 {[%clk 0:58:03]} Rxc3
{[%clk 0:43:08]} 40. Ra5 {[%clk 0:58:28]} c5 {[%clk 0:43:17]} 41. h5 {[%clk
0:58:30]} Rc1 {[%clk 0:42:38]} 42. h6 {[%clk 0:56:46]} c4 {[%clk 0:40:17]} 43.
Kg4 {[%clk 0:53:43]} Rh1 {[%clk 0:39:49]} 44. Rxa7 {[%clk 0:50:57]} c3 {[%clk
0:39:50]} 45. Ra2 {[%clk 0:51:23]} c2 {[%clk 0:33:55]} 46. Rxc2 {[%clk 0:51:35]}
Rxh6 {[%clk 0:34:19]} 47. Re2 {[%clk 0:51:58]} Rg6+ {[%clk 0:34:23]} 48. Kh4
{[%clk 0:52:01]} Rg8 {[%clk 0:34:40]} 49. g4 {[%clk 0:52:11]} Rh8+ {[%clk
0:35:05]} 50. Kg3 {[%clk 0:52:03]} Rg8 {[%clk 0:35:17]} 51. Re1 {[%clk 0:52:20]}
Kd5 {[%clk 0:35:28]} 52. Re3 {[%clk 0:44:49]} Kd4 {[%clk 0:35:26]} 53. Re7 {[%clk
0:44:16]} Kd5 {[%clk 0:35:39]} 54. Kf4 {[%clk 0:36:36]} Kd6 {[%clk 0:35:45]} 55.
Re4 {[%clk 0:36:43]} Kd5 {[%clk 0:33:52]} 56. Re5+ {[%clk 0:35:06]} Kd6 {[%clk
0:33:57]} 57. g5 {[%clk 0:30:48]} Rf8+ {[%clk 0:29:52]} 58. Rf5 {[%clk 0:29:53]}
Rg8 {[%clk 0:30:07]} 59. Rf6+ {[%clk 0:27:53]} Ke7 {[%clk 0:30:18]} 60. Kf5
{[%clk 0:28:01]} Ra8 {[%clk 0:29:38]} 61. Kg6 {[%clk 0:27:53]} Ra5 {[%clk
0:22:35]} 62. Rf1 {[%clk 0:27:41]} Re5 {[%clk 0:21:24]} 63. Kh6 {[%clk 0:27:49]}
Re2 {[%clk 0:20:03]} 64. g6 {[%clk 0:27:46]} Rh2+ {[%clk 0:19:35]} 65. Kg7 {[%clk
0:28:06]} Re2 {[%clk 0:19:56]} 66. Kg8 {[%clk 0:28:20]} Re3 {[%clk 0:16:33]} 67.
g7 {[%clk 0:28:37]} Re2 {[%clk 0:16:36]} 68. Rh1 {[%clk 0:28:51]} 1-0

[Event "Campeonato de España Veteranos 2017"]
[Site "Altea"]
[Date "2017.10.15"]
[Round "9"]
[White "Ramos Ferrandiz, Juan Carlos"]
[Black "Sabater Sanchez, Asensio"]
[Result "0-1"]
[Board "7"]
[WhiteElo "2073"]
[WhiteCountry "ESP"]
[WhiteFideId "2222930"]
[WhiteEloChange "-8"]
[BlackElo "2149"]
[BlackCountry "ESP"]
[BlackFideId "2229056"]
[BlackEloChange "8"]

1. d4 {[%clk 1:30:52]} Nf6 {[%clk 1:30:41]} 2. Nf3 {[%clk 1:31:13]} b6 {[%clk
1:30:31]} 3. c4 {[%clk 1:30:40]} e6 {[%clk 1:30:33]} 4. g3 {[%clk 1:29:13]} Bb7
{[%clk 1:30:30]} 5. Bg2 {[%clk 1:29:18]} Be7 {[%clk 1:29:20]} 6. O-O {[%clk
1:29:24]} O-O {[%clk 1:29:42]} 7. Nc3 {[%clk 1:29:14]} Ne4 {[%clk 1:28:24]} 8.
Nxe4 {[%clk 1:19:58]} Bxe4 {[%clk 1:28:47]} 9. Ne5 {[%clk 1:19:06]} Bxg2 {[%clk
1:29:01]} 10. Kxg2 {[%clk 1:19:30]} d5 {[%clk 1:27:36]} 11. Qb3 {[%clk 1:12:27]}
Bd6 {[%clk 1:23:17]} 12. Nf3 {[%clk 1:09:47]} c6 {[%clk 1:19:49]} 13. Bd2 {[%clk
1:05:44]} Nd7 {[%clk 1:18:31]} 14. Qd3 {[%clk 1:05:13]} h6 {[%clk 1:17:07]} 15.
e4 {[%clk 1:04:16]} dxe4 {[%clk 1:15:24]} 16. Qxe4 {[%clk 1:04:02]} c5 {[%clk
1:14:21]} 17. Rad1 {[%clk 0:59:43]} Nf6 {[%clk 1:09:13]} 18. Qd3 {[%clk 0:57:36]}
Qc7 {[%clk 1:07:42]} 19. Bc3 {[%clk 0:56:46]} cxd4 {[%clk 1:01:30]} 20. Nxd4
{[%clk 0:53:46]} Rfd8 {[%clk 0:59:45]} 21. b3 {[%clk 0:50:51]} a6 {[%clk
0:56:44]} 22. Qf3 {[%clk 0:48:10]} Rac8 {[%clk 0:50:47]} 23. a4 {[%clk 0:48:21]}
Be5 {[%clk 0:48:02]} 24. Rfe1 {[%clk 0:46:45]} Nd7 {[%clk 0:43:26]} 25. Rxe5
{[%clk 0:31:23]} Nxe5 {[%clk 0:42:41]} 26. Nxe6 {[%clk 0:31:35]} Nxf3 {[%clk
0:37:18]} 0-1

[Event "Campeonato de España Veteranos 2017"]
[Site "Altea"]
[Date "2017.10.15"]
[Round "9"]
[White "Brusi Noguera, Ricardo Ll."]
[Black "Lloret Ramis, Juan Jose"]
[Result "1/2-1/2"]
[Board "8"]
[WhiteElo "2156"]
[WhiteCountry "ESP"]
[WhiteFideId "2279487"]
[WhiteEloChange "-1"]
[BlackElo "2120"]
[BlackCountry "ESP"]
[BlackFideId "2204053"]
[BlackEloChange "1"]

1. d4 {[%clk 1:30:30]} d5 {[%clk 1:30:30]} 2. c4 {[%clk 1:30:30]} e6 {[%clk
1:30:30]} 3. Nc3 {[%clk 1:30:30]} Nf6 {[%clk 1:30:30]} 4. cxd5 {[%clk 1:30:30]}
exd5 {[%clk 1:30:52]} 5. Bg5 {[%clk 1:30:34]} c6 {[%clk 1:31:10]} 6. Qc2 {[%clk
1:30:44]} Nbd7 {[%clk 1:31:20]} 7. e3 {[%clk 1:31:07]} Be7 {[%clk 1:31:39]} 8.
Bd3 {[%clk 1:31:30]} Nh5 {[%clk 1:31:58]} 9. Bxe7 {[%clk 1:30:59]} Qxe7 {[%clk
1:32:24]} 10. Nge2 {[%clk 1:30:20]} g6 {[%clk 1:32:42]} 11. Rb1 {[%clk 1:19:38]}
O-O {[%clk 1:28:46]} 12. b4 {[%clk 1:19:28]} Ndf6 {[%clk 1:26:53]} 13. h3 {[%clk
1:16:16]} Ng7 {[%clk 1:22:34]} 14. b5 {[%clk 1:11:40]} c5 {[%clk 1:18:13]} 15.
dxc5 {[%clk 1:10:16]} Qxc5 {[%clk 1:18:22]} 16. O-O {[%clk 1:07:53]} Bf5 {[%clk
1:12:30]} 17. Nd4 {[%clk 1:03:00]} Bxd3 {[%clk 1:10:06]} 18. Qxd3 {[%clk
1:02:25]} Rac8 {[%clk 1:07:59]} 19. Rfc1 {[%clk 1:01:17]} Qd6 {[%clk 1:07:12]}
20. Rc2 {[%clk 0:57:13]} Ne6 {[%clk 0:54:16]} 21. Rbc1 {[%clk 0:50:21]} Qd7
{[%clk 0:46:16]} 22. Nb3 {[%clk 0:38:23]} Rc7 {[%clk 0:28:57]} 23. a4 {[%clk
0:34:27]} Rfc8 {[%clk 0:24:29]} 24. f3 {[%clk 0:27:30]} h5 {[%clk 0:22:36]} 25.
Ne2 {[%clk 0:26:33]} Rxc2 {[%clk 0:19:31]} 26. Rxc2 {[%clk 0:26:58]} Rxc2 {[%clk
0:19:30]} 27. Qxc2 {[%clk 0:27:26]} Ne8 {[%clk 0:19:32]} 28. Ned4 {[%clk
0:25:07]} N8g7 {[%clk 0:18:02]} 29. a5 {[%clk 0:24:21]} Nxd4 {[%clk 0:11:07]} 30.
Nxd4 {[%clk 0:24:46]} Ne6 {[%clk 0:11:20]} 31. b6 {[%clk 0:19:50]} axb6 {[%clk
0:10:22]} 32. axb6 {[%clk 0:20:14]} Nxd4 {[%clk 0:09:16]} 33. exd4 {[%clk
0:20:41]} Kf8 {[%clk 0:08:28]} 34. Kf2 {[%clk 0:11:31]} 1/2-1/2

[Event "Campeonato de España Veteranos 2017"]
[Site "Altea"]
[Date "2017.10.15"]
[Round "9"]
[White "Simon Padros, Emili"]
[Black "Suba, Mihai"]
[Result "1/2-1/2"]
[Board "9"]
[WhiteTitle "FM"]
[WhiteElo "2153"]
[WhiteCountry "ESP"]
[WhiteFideId "2205580"]
[WhiteEloChange "4"]
[BlackTitle "GM"]
[BlackElo "2315"]
[BlackCountry "ROU"]
[BlackFideId "1203363"]
[BlackEloChange "-4"]

1. e4 {[%clk 1:30:51]} c5 {[%clk 1:30:58]} 2. Nc3 {[%clk 1:31:09]} g6 {[%clk
1:31:14]} 3. g3 {[%clk 1:31:27]} Bg7 {[%clk 1:31:33]} 4. Bg2 {[%clk 1:31:47]} Nc6
{[%clk 1:31:42]} 5. f4 {[%clk 1:31:59]} d6 {[%clk 1:31:40]} 6. d3 {[%clk
1:32:18]} e6 {[%clk 1:31:58]} 7. Nf3 {[%clk 1:32:31]} Nge7 {[%clk 1:32:13]} 8.
O-O {[%clk 1:32:38]} O-O {[%clk 1:32:26]} 9. Be3 {[%clk 1:32:50]} Nd4 {[%clk
1:32:25]} 10. e5 {[%clk 1:32:57]} Nef5 {[%clk 1:29:35]} 11. Bf2 {[%clk 1:33:11]}
Rb8 {[%clk 1:25:35]} 12. Ne4 {[%clk 1:31:35]} dxe5 {[%clk 1:22:34]} 13. Nxe5
{[%clk 1:28:36]} f6 {[%clk 1:19:39]} 14. Nc4 {[%clk 1:24:54]} b6 {[%clk 1:18:39]}
15. c3 {[%clk 1:20:01]} Nb5 {[%clk 1:18:33]} 16. Re1 {[%clk 1:18:27]} Nbd6 {[%clk
1:16:28]} 17. g4 {[%clk 1:10:20]} Nxc4 {[%clk 1:12:40]} 18. dxc4 {[%clk 1:10:42]}
Nh6 {[%clk 1:10:31]} 19. g5 {[%clk 1:04:00]} fxg5 {[%clk 1:10:43]} 20. Qxd8
{[%clk 1:02:38]} Rxd8 {[%clk 1:11:08]} 21. Nxg5 {[%clk 1:02:31]} Nf5 {[%clk
1:06:21]} 22. Re2 {[%clk 0:47:58]} Ba6 {[%clk 1:01:43]} 23. Nxe6 {[%clk 0:46:20]}
Bxc4 {[%clk 1:01:39]} 24. Nxd8 {[%clk 0:46:34]} Bxe2 {[%clk 0:59:34]} 25. Bd5+
{[%clk 0:47:03]} Kf8 {[%clk 0:57:43]} 26. Ne6+ {[%clk 0:47:05]} Ke7 {[%clk
0:57:56]} 27. Re1 {[%clk 0:39:05]} Kd6 {[%clk 0:56:28]} 28. c4 {[%clk 0:39:11]}
Bg4 {[%clk 0:56:02]} 29. Nxg7 {[%clk 0:38:56]} Nxg7 {[%clk 0:56:01]} 30. Bh4
{[%clk 0:37:03]} Re8 {[%clk 0:51:38]} 31. Rxe8 {[%clk 0:36:23]} Nxe8 {[%clk
0:52:06]} 32. Bg8 {[%clk 0:36:19]} Be6 {[%clk 0:46:59]} 33. Bxh7 {[%clk 0:32:21]}
Bf7 {[%clk 0:47:24]} 34. f5 {[%clk 0:31:28]} gxf5 {[%clk 0:47:49]} 35. Bxf5
{[%clk 0:31:51]} Bxc4 {[%clk 0:47:53]} 36. Bg6 {[%clk 0:31:49]} Kd7 {[%clk
0:44:47]} 37. Bxe8+ {[%clk 0:31:59]} Kxe8 {[%clk 0:45:15]} 38. a3 {[%clk
0:32:17]} Bf7 {[%clk 0:34:31]} 39. Kf2 {[%clk 0:32:26]} Kd7 {[%clk 0:34:51]} 40.
Ke3 {[%clk 0:32:39]} Kc6 {[%clk 0:35:07]} 41. Kd3 {[%clk 0:31:47]} Kb5 {[%clk
0:32:16]} 42. Kc3 {[%clk 0:30:38]} Ka4 {[%clk 0:32:03]} 43. Be7 {[%clk 0:29:31]}
a5 {[%clk 0:31:46]} 44. b4 {[%clk 0:28:13]} Kxa3 {[%clk 0:30:27]} 45. bxa5 {[%clk
0:28:05]} bxa5 {[%clk 0:29:46]} 46. Bxc5+ {[%clk 0:27:37]} Ka4 {[%clk 0:30:11]}
1/2-1/2

[Event "Campeonato de España Veteranos 2017"]
[Site "Altea"]
[Date "2017.10.15"]
[Round "9"]
[White "Pastor Alonso De Prado, Alberto"]
[Black "Serra Olives, Tomas"]
[Result "1-0"]
[Board "10"]
[WhiteElo "2131"]
[WhiteCountry "ESP"]
[WhiteFideId "2255740"]
[WhiteEloChange "10"]
[BlackTitle "FM"]
[BlackElo "2146"]
[BlackCountry "ESP"]
[BlackFideId "2203774"]
[BlackEloChange "-10"]

1. e4 {[%clk 1:30:17]} e5 {[%clk 1:30:54]} 2. f4 {[%clk 1:29:39]} exf4 {[%clk
1:31:08]} 3. Nf3 {[%clk 1:30:00]} Ne7 {[%clk 1:28:27]} 4. Nc3 {[%clk 1:28:39]}
Nbc6 {[%clk 1:26:58]} 5. d4 {[%clk 1:26:48]} Ng6 {[%clk 1:27:17]} 6. Bc4 {[%clk
1:20:16]} Be7 {[%clk 1:20:58]} 7. O-O {[%clk 1:20:20]} d6 {[%clk 1:20:13]} 8. Nd5
{[%clk 1:13:57]} Be6 {[%clk 1:10:00]} 9. Nxe7 {[%clk 1:11:48]} Bxc4 {[%clk
0:59:49]} 10. Nxg6 {[%clk 1:10:49]} hxg6 {[%clk 1:00:12]} 11. Rf2 {[%clk
1:11:12]} g5 {[%clk 1:00:27]} 12. b3 {[%clk 1:10:54]} Ba6 {[%clk 1:00:12]} 13. h4
{[%clk 1:11:10]} Qe7 {[%clk 0:50:33]} 14. hxg5 {[%clk 1:03:27]} Qxe4 {[%clk
0:48:49]} 15. c4 {[%clk 1:01:08]} O-O-O {[%clk 0:48:53]} 16. Re2 {[%clk 1:01:33]}
Qf5 {[%clk 0:45:55]} 17. Qd2 {[%clk 1:00:52]} d5 {[%clk 0:45:57]} 18. Ne5 {[%clk
0:59:11]} f3 {[%clk 0:43:30]} 19. Nxc6 {[%clk 0:54:41]} bxc6 {[%clk 0:35:02]} 20.
Rf2 {[%clk 0:54:51]} Rh4 {[%clk 0:25:01]} 21. Qa5 {[%clk 0:47:41]} Rdh8 {[%clk
0:20:46]} 22. Rxf3 {[%clk 0:39:24]} Qc2 {[%clk 0:20:40]} 23. Rh3 {[%clk 0:39:32]}
Qd1+ {[%clk 0:16:16]} 24. Kf2 {[%clk 0:33:24]} Qxd4+ {[%clk 0:12:53]} 25. Be3
{[%clk 0:33:33]} Rf4+ {[%clk 0:11:13]} 26. Ke2 {[%clk 0:28:50]} Re8 {[%clk
0:06:57]} 27. Qxa6+ {[%clk 0:28:57]} Kd7 {[%clk 0:07:16]} 28. Rd1 {[%clk
0:27:17]} Qe5 {[%clk 0:04:41]} 29. cxd5 {[%clk 0:26:56]} cxd5 {[%clk 0:03:25]}
30. Qb5+ {[%clk 0:26:14]} c6 {[%clk 0:03:20]} 31. Qc5 {[%clk 0:23:59]} Re4 {[%clk
0:02:54]} 32. Qxa7+ {[%clk 0:23:36]} Kc8 {[%clk 0:02:11]} 33. Qa6+ {[%clk
0:22:09]} Kc7 {[%clk 0:02:29]} 34. Qa5+ {[%clk 0:20:35]} Kd7 {[%clk 0:02:05]} 35.
Rd3 {[%clk 0:20:26]} Qxg5 {[%clk 0:01:08]} 36. Qa7+ {[%clk 0:19:12]} Kc8 {[%clk
0:01:22]} 37. Kf2 {[%clk 0:19:25]} Qf5+ {[%clk 0:01:27]} 38. Rf3 {[%clk 0:19:24]}
Qg6 {[%clk 0:01:42]} 39. Rxf7 {[%clk 0:18:26]} R4e7 {[%clk 0:01:34]} 40. Qa8+
{[%clk 0:15:59]} Kd7 {[%clk 0:01:41]} 41. Qb7+ {[%clk 0:16:10]} Ke6 {[%clk
0:01:14]} 42. Rxe7+ {[%clk 0:16:29]} 1-0

[Event "Campeonato de España Veteranos 2017"]
[Site "Altea"]
[Date "2017.10.15"]
[Round "9"]
[White "Vinal Gutierrez, Pedro"]
[Black "Bautista Sanchez, Joan"]
[Result "1-0"]
[Board "13"]
[WhiteElo "2041"]
[WhiteCountry "ESP"]
[WhiteFideId "2212870"]
[WhiteEloChange "12"]
[BlackElo "2123"]
[BlackCountry "ESP"]
[BlackFideId "2213885"]
[BlackEloChange "-12"]

1. d4 {[%clk 1:30:58]} c6 {[%clk 1:30:28]} 2. c4 {[%clk 1:31:24]} Nf6 {[%clk
1:30:51]} 3. Nc3 {[%clk 1:31:37]} d5 {[%clk 1:30:53]} 4. cxd5 {[%clk 1:32:01]}
cxd5 {[%clk 1:31:13]} 5. Bf4 {[%clk 1:32:02]} g6 {[%clk 1:29:14]} 6. e3 {[%clk
1:32:04]} Bg7 {[%clk 1:28:57]} 7. Nf3 {[%clk 1:30:40]} O-O {[%clk 1:29:08]} 8. h3
{[%clk 1:30:08]} Nc6 {[%clk 1:29:19]} 9. Bb5 {[%clk 1:28:29]} Bd7 {[%clk
1:19:12]} 10. O-O {[%clk 1:27:56]} Qb6 {[%clk 1:15:02]} 11. Qe2 {[%clk 1:23:45]}
a6 {[%clk 1:14:30]} 12. Ba4 {[%clk 1:21:37]} Qa5 {[%clk 1:11:44]} 13. Bb3 {[%clk
1:12:15]} e6 {[%clk 1:09:00]} 14. Rfc1 {[%clk 1:10:14]} Rfc8 {[%clk 1:09:02]} 15.
a3 {[%clk 1:06:45]} Qb6 {[%clk 1:05:26]} 16. Nd2 {[%clk 0:58:31]} Na5 {[%clk
0:58:45]} 17. Qd1 {[%clk 0:56:55]} Ne4 {[%clk 0:47:57]} 18. Ncxe4 {[%clk
0:55:33]} dxe4 {[%clk 0:48:24]} 19. Rc3 {[%clk 0:53:06]} Rxc3 {[%clk 0:47:21]}
20. bxc3 {[%clk 0:52:44]} Nxb3 {[%clk 0:43:41]} 21. Qxb3 {[%clk 0:52:57]} Qxb3
{[%clk 0:41:47]} 22. Nxb3 {[%clk 0:53:13]} Bf8 {[%clk 0:41:32]} 23. c4 {[%clk
0:51:38]} b6 {[%clk 0:38:16]} 24. Nd2 {[%clk 0:49:02]} Rc8 {[%clk 0:38:08]} 25.
Nxe4 {[%clk 0:48:08]} Rxc4 {[%clk 0:37:52]} 26. Nf6+ {[%clk 0:48:23]} 1-0

[Event "Campeonato de España Veteranos 2017"]
[Site "Altea"]
[Date "2017.10.15"]
[Round "9"]
[White "Fos Santacreu, Juan Andres"]
[Black "Lopez Colon, Francisco"]
[Result "0-1"]
[Board "14"]
[WhiteTitle "FM"]
[WhiteElo "2140"]
[WhiteCountry "ESP"]
[WhiteFideId "2205211"]
[WhiteEloChange "-15"]
[BlackElo "1938"]
[BlackCountry "ESP"]
[BlackFideId "2210959"]
[BlackEloChange "15"]

1. e4 {[%clk 1:27:03]} c5 {[%clk 1:30:44]} 2. Nf3 {[%clk 1:27:20]} d6 {[%clk
1:31:08]} 3. d4 {[%clk 1:27:37]} cxd4 {[%clk 1:31:30]} 4. Nxd4 {[%clk 1:28:02]}
Nf6 {[%clk 1:31:51]} 5. Bd3 {[%clk 1:28:24]} e5 {[%clk 1:31:20]} 6. Nb5 {[%clk
1:25:30]} a6 {[%clk 1:27:57]} 7. N5c3 {[%clk 1:24:21]} Be6 {[%clk 1:27:29]} 8.
O-O {[%clk 1:23:58]} Be7 {[%clk 1:21:05]} 9. Ne2 {[%clk 1:17:43]} d5 {[%clk
1:19:27]} 10. Nd2 {[%clk 1:16:09]} Nc6 {[%clk 1:15:57]} 11. c3 {[%clk 1:15:59]}
O-O {[%clk 1:06:46]} 12. exd5 {[%clk 1:09:27]} Nxd5 {[%clk 1:05:17]} 13. Re1
{[%clk 1:03:24]} Qd7 {[%clk 1:01:51]} 14. Ne4 {[%clk 0:52:43]} h6 {[%clk
0:57:58]} 15. Bb1 {[%clk 0:50:36]} f5 {[%clk 0:52:42]} 16. N4g3 {[%clk 0:43:44]}
Rad8 {[%clk 0:50:16]} 17. Nf1 {[%clk 0:12:28]} f4 {[%clk 0:37:25]} 18. Be4 {[%clk
0:10:24]} Bf5 {[%clk 0:36:11]} 19. Qc2 {[%clk 0:09:15]} Bxe4 {[%clk 0:27:34]} 20.
Qxe4 {[%clk 0:09:40]} Nf6 {[%clk 0:27:50]} 21. Qc2 {[%clk 0:06:41]} Bc5 {[%clk
0:24:44]} 22. Nd2 {[%clk 0:06:29]} Qd3 {[%clk 0:23:26]} 23. Qxd3 {[%clk 0:03:14]}
Rxd3 {[%clk 0:23:54]} 24. h3 {[%clk 0:01:54]} Rfd8 {[%clk 0:23:32]} 25. b4 {[%clk
0:02:16]} Nxb4 {[%clk 0:21:01]} 26. cxb4 {[%clk 0:02:20]} Bxb4 {[%clk 0:21:30]}
27. Nf3 {[%clk 0:01:47]} Rxf3 {[%clk 0:19:38]} 28. gxf3 {[%clk 0:01:18]} Bxe1
{[%clk 0:20:01]} 29. Bxf4 {[%clk 0:01:23]} Bxf2+ {[%clk 0:13:15]} 30. Kxf2 {[%clk
0:01:52]} exf4 {[%clk 0:13:32]} 31. Nxf4 {[%clk 0:02:17]} Rd2+ {[%clk 0:13:46]}
32. Ke3 {[%clk 0:01:24]} Rb2 {[%clk 0:12:40]} 33. Nd3 {[%clk 0:01:23]} Rh2 {[%clk
0:12:19]} 34. a4 {[%clk 0:01:04]} Rxh3 {[%clk 0:11:16]} 35. Rb1 {[%clk 0:01:12]}
Rh4 {[%clk 0:09:09]} 36. Nc5 {[%clk 0:00:26]} 0-1

[Event "Campeonato de España Veteranos 2017"]
[Site "Altea"]
[Date "2017.10.15"]
[Round "9"]
[White "Estrada Martinez, Cesar"]
[Black "Martinez De Soria Gordon, Jose Manuel"]
[Result "1/2-1/2"]
[Board "16"]
[WhiteElo "2045"]
[WhiteCountry "ESP"]
[WhiteFideId "2210649"]
[WhiteEloChange "-5"]
[BlackElo "1862"]
[BlackCountry "ESP"]
[BlackFideId "2259249"]
[BlackEloChange "5"]

1. Nf3 {[%clk 1:30:42]} Nf6 {[%clk 1:30:42]} 2. c4 {[%clk 1:31:04]} b6 {[%clk
1:30:22]} 3. Nc3 {[%clk 1:31:02]} Bb7 {[%clk 1:30:47]} 4. d4 {[%clk 1:31:16]} e6
{[%clk 1:30:19]} 5. a3 {[%clk 1:31:12]} Ne4 {[%clk 1:30:08]} 6. Nxe4 {[%clk
1:27:55]} Bxe4 {[%clk 1:30:35]} 7. Nd2 {[%clk 1:28:09]} Bb7 {[%clk 1:30:44]} 8.
e4 {[%clk 1:28:08]} Be7 {[%clk 1:30:17]} 9. Bd3 {[%clk 1:27:19]} d6 {[%clk
1:26:05]} 10. O-O {[%clk 1:25:38]} Nd7 {[%clk 1:26:33]} 11. Nf3 {[%clk 1:18:21]}
Nf8 {[%clk 1:25:42]} 12. Be3 {[%clk 1:14:22]} Qd7 {[%clk 1:25:20]} 13. Qe2 {[%clk
1:13:15]} Ng6 {[%clk 1:25:22]} 14. Rad1 {[%clk 1:09:46]} O-O {[%clk 1:25:35]} 15.
Bc2 {[%clk 0:59:18]} Rae8 {[%clk 1:21:28]} 16. e5 {[%clk 0:45:01]} Qc8 {[%clk
1:13:12]} 17. Ng5 {[%clk 0:35:16]} Bxg5 {[%clk 1:05:25]} 18. Bxg5 {[%clk
0:35:35]} h6 {[%clk 1:05:06]} 19. Bc1 {[%clk 0:34:07]} Qd8 {[%clk 0:57:41]} 20.
Qh5 {[%clk 0:31:18]} Nh4 {[%clk 0:52:09]} 21. f3 {[%clk 0:26:59]} f5 {[%clk
0:51:52]} 22. g3 {[%clk 0:24:48]} Bxf3 {[%clk 0:44:55]} 23. Rxf3 {[%clk 0:24:52]}
Nxf3+ {[%clk 0:45:21]} 24. Qxf3 {[%clk 0:25:19]} dxe5 {[%clk 0:45:17]} 25. dxe5
{[%clk 0:25:26]} Qe7 {[%clk 0:45:42]} 26. Be3 {[%clk 0:24:00]} Rd8 {[%clk
0:46:06]} 27. Qc6 {[%clk 0:18:35]} g5 {[%clk 0:46:10]} 28. Rf1 {[%clk 0:16:22]}
Qd7 {[%clk 0:46:14]} 29. Qxd7 {[%clk 0:16:20]} Rxd7 {[%clk 0:46:43]} 30. h4
{[%clk 0:15:29]} Rg7 {[%clk 0:46:20]} 31. hxg5 {[%clk 0:14:33]} hxg5 {[%clk
0:44:46]} 32. c5 {[%clk 0:12:58]} Rd8 {[%clk 0:44:43]} 33. Kf2 {[%clk 0:10:11]}
Kf7 {[%clk 0:44:15]} 34. Ke2 {[%clk 0:10:21]} Ke7 {[%clk 0:42:57]} 35. Bb3 {[%clk
0:10:09]} Rh8 {[%clk 0:42:36]} 36. Rf2 {[%clk 0:09:30]} Rh3 {[%clk 0:40:13]} 37.
Rg2 {[%clk 0:09:33]} Rg6 {[%clk 0:40:24]} 38. Bc2 {[%clk 0:09:24]} Rg8 {[%clk
0:40:22]} 39. Kf2 {[%clk 0:09:08]} Rh5 {[%clk 0:39:50]} 40. g4 {[%clk 0:07:17]}
fxg4 {[%clk 0:32:25]} 41. Rxg4 {[%clk 0:07:24]} Rh2+ {[%clk 0:31:50]} 42. Rg2
{[%clk 0:07:53]} Rf8+ {[%clk 0:31:47]} 43. Kg1 {[%clk 0:07:47]} Rxg2+ {[%clk
0:31:59]} 44. Kxg2 {[%clk 0:08:16]} g4 {[%clk 0:32:12]} 45. Be4 {[%clk 0:06:25]}
Rh8 {[%clk 0:31:00]} 46. Bf2 {[%clk 0:04:48]} Kf7 {[%clk 0:30:11]} 47. Kg3 {[%clk
0:04:21]} Rh5 {[%clk 0:29:33]} 48. Kxg4 {[%clk 0:04:10]} Rxe5 {[%clk 0:29:42]}
49. Kf4 {[%clk 0:04:28]} Rh5 {[%clk 0:29:56]} 50. cxb6 {[%clk 0:04:36]} axb6
{[%clk 0:29:51]} 51. Ke3 {[%clk 0:03:14]} Rb5 {[%clk 0:28:55]} 52. b4 {[%clk
0:03:43]} Rh5 {[%clk 0:29:14]} 53. Bg3 {[%clk 0:03:41]} c5 {[%clk 0:24:55]} 54.
bxc5 {[%clk 0:03:52]} Rxc5 {[%clk 0:24:57]} 55. Bd6 {[%clk 0:04:07]} Rh5 {[%clk
0:23:51]} 56. Bb4 {[%clk 0:04:11]} e5 {[%clk 0:22:32]} 57. Bd5+ {[%clk 0:04:12]}
Kf6 {[%clk 0:22:29]} 58. Kd3 {[%clk 0:04:08]} Rh4 {[%clk 0:22:05]} 59. Be4 {[%clk
0:04:00]} b5 {[%clk 0:21:55]} 60. Bc6 {[%clk 0:04:06]} Rd4+ {[%clk 0:21:57]} 61.
Ke3 {[%clk 0:04:27]} Ke6 {[%clk 0:21:17]} 62. Bxb5 {[%clk 0:04:43]} Kd5 {[%clk
0:21:37]} 63. Ba6 {[%clk 0:04:47]} Kc6 {[%clk 0:21:46]} 64. Bd3 {[%clk 0:05:00]}
Rxd3+ {[%clk 0:22:00]} 65. Kxd3 {[%clk 0:04:39]} Kb7 {[%clk 0:19:17]} 66. Ke4
{[%clk 0:05:06]} Ka8 {[%clk 0:19:35]} 67. Bc5 {[%clk 0:04:47]} Kb7 {[%clk
0:19:59]} 68. Be3 {[%clk 0:05:06]} Ka8 {[%clk 0:20:23]} 69. Kd5 {[%clk 0:03:40]}
e4 {[%clk 0:20:43]} 70. Kc6 {[%clk 0:04:01]} Kb8 {[%clk 0:21:02]} 71. a4 {[%clk
0:04:10]} Ka8 {[%clk 0:21:19]} 72. Kb6 {[%clk 0:03:33]} Kb8 {[%clk 0:21:38]} 73.
Kc6 {[%clk 0:02:00]} Ka8 {[%clk 0:22:01]} 74. Kc5 {[%clk 0:02:17]} Kb8 {[%clk
0:22:23]} 75. a5 {[%clk 0:02:33]} Kb7 {[%clk 0:22:46]} 76. Kb5 {[%clk 0:02:54]}
Ka8 {[%clk 0:23:07]} 77. a6 {[%clk 0:02:42]} Kb8 {[%clk 0:23:27]} 1/2-1/2